| 000 -LEADER |
| fixed length control field |
00869nam a22002657a 4500 |
| 001 - CONTROL NUMBER |
| control field |
19220 |
| 003 - CONTROL NUMBER IDENTIFIER |
| control field |
BD-DhUAP |
| 005 - DATE AND TIME OF LATEST TRANSACTION |
| control field |
20200202145721.0 |
| 008 - FIXED-LENGTH DATA ELEMENTS--GENERAL INFORMATION |
| fixed length control field |
200202r20142003ii b 001 0 eng d |
| 020 ## - INTERNATIONAL STANDARD BOOK NUMBER |
| International Standard Book Number |
9780195699210 |
| 020 ## - INTERNATIONAL STANDARD BOOK NUMBER |
| International Standard Book Number |
0195699211 |
| 040 ## - CATALOGING SOURCE |
| Original cataloging agency |
DLC |
| Transcribing agency |
DLC |
| Modifying agency |
BD-DhUAP |
| Language of cataloging |
Eng |
| 082 00 - DEWEY DECIMAL CLASSIFICATION NUMBER |
| Edition number |
23 |
| Classification number |
340.5254 MEN |
| 100 1# - MAIN ENTRY--PERSONAL NAME |
| Personal name |
Menski, Werner. |
| 9 (RLIN) |
16730 |
| 245 10 - TITLE STATEMENT |
| Title |
Hindu law : |
| Remainder of title |
beyond tradition and modernity / |
| Statement of responsibility, etc. |
Werner Menski. |
| 260 ## - PUBLICATION, DISTRIBUTION, ETC. |
| Place of publication, distribution, etc. |
New Delhi ; |
| Name of publisher, distributor, etc. |
Oxford University Press, |
| Date of publication, distribution, etc. |
c2003 [Reprinted 2014]. |
| 300 ## - PHYSICAL DESCRIPTION |
| Extent |
xxii, 648 pages ; |
| Dimensions |
24 cm. |
| 504 ## - BIBLIOGRAPHY, ETC. NOTE |
| Bibliography, etc. note |
Includes bibliographical references (p. [610]-639) and index. |
| 650 #0 - SUBJECT ADDED ENTRY--TOPICAL TERM |
| Topical term or geographic name entry element |
Hindus |
| General subdivision |
Legal status, laws, etc. |
| Geographic subdivision |
India. |
| 9 (RLIN) |
16731 |
| 650 #0 - SUBJECT ADDED ENTRY--TOPICAL TERM |
| Topical term or geographic name entry element |
Civil law |
| Geographic subdivision |
India. |
| 9 (RLIN) |
16732 |
| 650 #0 - SUBJECT ADDED ENTRY--TOPICAL TERM |
| Topical term or geographic name entry element |
Hindu law |
| General subdivision |
History. |
| 9 (RLIN) |
16733 |
| 942 ## - ADDED ENTRY ELEMENTS (KOHA) |
| Source of classification or shelving scheme |
|
| Koha item type |
Book |